000 00625nam a2200241Ia 4500
003 OSt
005 20220918175823.0
006 a|||||r|||| 00| 0
007 ta
008 220917b |||||||| |||| 00| 0 eng d
024 _a19,108
037 _cTextual
040 _aARTS
_cARTS
_beng
041 _2eng
_aeng
082 _aO:2M88:5, J7;K3
100 _aEliot T S.
245 0 _aMurder in the Cathedral
260 _aN York
_bHarcourt Brace and World
_c1957
300 _a88p.
_ccm.
650 _aENGLISH LITERATURE
942 _hO:2M88:5, J7;K3
_cTEXL
_2CC
999 _c159136
_d159136